Đầm lầy

Guardat en:
Dades bibliogràfiques
Autor principal: Farmia Guejata
Format: Llibre
Idioma:Undetermined
Publicat: Hà Nội Lao động 1978
Matèries:
Etiquetes: Afegir etiqueta
Sense etiquetes, Sigues el primer a etiquetar aquest registre!
Thư viện lưu trữ: Trung tâm Học liệu Trường Đại học Cần Thơ
LEADER 00494nam a2200181Ia 4500
001 CTU_15948
008 210402s9999 xx 000 0 und d
082 |a 891.813 
082 |b G352 
100 |a Farmia Guejata 
245 0 |a Đầm lầy 
245 0 |c Farmia Guejata; Dịch giả: Văn Phú 
260 |a Hà Nội 
260 |b Lao động 
260 |c 1978 
650 |a bulgarian fiction 
904 |i Minh, 970429 
980 |a Trung tâm Học liệu Trường Đại học Cần Thơ